Majorque (Record no. 136404)

MARC details
000 -LEADER
campo de control de longitud fija 00586nam a2200181 4500
001 - NÚMERO DE CONTROL
campo de control 136404
003 - IDENTIFICADOR DE NÚMERO DE CONTROL
campo de control ES-MaACL
005 - FECHA Y HORA DE LA ÚLTIMA TRANSACCIÓN
campo de control 20250627063646.0
007 - CAMPO FIJO DE DESCRIPCIÓN FÍSICA--INFORMACIÓN GENERAL
campo de control de longitud fija t|
008 - DATOS DE LONGITUD FIJA--INFORMACIÓN GENERAL
campo de control de longitud fija 070214s1952 sp r ||||1| fre d
100 1# - ENTRADA PRINCIPAL--NOMBRE DE PERSONA
Nombre de persona Rusiñol, Santiago,
Fechas asociadas al nombre 1861-1931
9 (RLIN) 241043
245 10 - MENCIÓN DEL TÍTULO
Título Majorque
Resto del título : l'ille au Calme /
Mención de responsabilidad, etc. Santiago Rusiñol ; [traduit directement du texte catalan par J. Vives].
260 ## - PUBLICACIÓN, DISTRIBUCIÓN, ETC.
Lugar de publicación, distribución, etc. Barcelona :
Nombre del editor, distribuidor, etc. [s. n.],
Fecha de publicación, distribución, etc. 1952 (
Fabricante Tip. Emporium)
300 ## - DESCRIPCIÓN FÍSICA
Extensión 230 p. ;
Dimensiones 18 cm.
700 1# - ENTRADA AGREGADA--NOMBRE PERSONAL
Nombre de persona Vives, J.
9 (RLIN) 115570
852 ## - LOCALIZACIÓN
Ubicación ES-MaACL
Número de control de estantería D-8803
Sublocalización o colección R.33305
Holdings
Estatus retirado Estado de pérdida Estado de daño No para préstamo Biblioteca de origen Biblioteca actual Ubicación en estantería Fecha de adquisición Fuente de adquisición Total de préstamos Signatura topográfica completa Código de barras Visto por última vez Precio de reemplazo Tipo de ítem Koha
        Biblioteca del Ateneo de Madrid Biblioteca del Ateneo de Madrid Sala Valle Inclán 17/01/2008     D-8803 901141961 23/02/2023 23/02/2023 Libro impreso